Lola e o garoto da casa ao lado : (Record no. 511)

MARC details
000 -LÍDER
campo de controle de tamanho fixo 01307nam a22002894a 4500
001 - NÚMERO DE CONTROLE
campo de controle 511
003 - IDENTIFICADOR DO NÚMERO DE CONTROLE
campo de controle BR-RjBN
005 - DATA E HORÁRIO DA ÚLTIMA TRANSAÇÃO
campo de controle 20260520083744.0
008 - CAMPO DE DADOS FIXOS--INFORMAÇÃO GERAL
campo de controle de tamanho fixo 120101s2012 sp 000 f por d
020 ## - ISBN - INTERNATIONAL STANDARD BOOK NUMBER
ISBN - International Standard Book Number 9788581630533
040 ## - FONTE DA CATALOGAÇÃO
Idioma da catalogação por
041 1# - CÓDIGO DE IDIOMA
Código do idioma do texto/trilha sonora ou título diferente por
Código do idioma do original e/ou traduções intermediárias do texto eng
082 ## - CDD - CLASSIFICAÇÃO DECIMAL DE DEWEY
Número de Classificação 813.6
Número do exemplar P466l
100 1# - ENTRADA PRINCIPAL--NOME PESSOAL
Nome pessoal Perkins, Stephanie.
240 10 - TÍTULO UNIFORME
Título uniforme Lola and the Boy Next Door.
245 10 - TÍTULO
Título Lola e o garoto da casa ao lado :
Restante do título a fórmula perfeita para paixão e o humor /
Indicação de responsabilidade, etc. Stephanie Perkins.
260 ## - PUBLICAÇÃO, DISTRIBUIÇÃO, ETC.
Local de publicação, distribuição, etc. São Paulo :
Nome do editor, distribuidor, etc. Novo Conceito,
Data da publicação, distribuição, etc. 2012.
300 ## - DESCRIÇÃO FÍSICA
Extensão 288 p. ;
520 ## - NOTA DE RESUMO, ETC.
Resumo, etc. Lola Nolan é uma adolescente criativa e apaixonada por roupas extravagantes, enxergando a moda como uma forma de expressão pessoal. Sua vida parece perfeita até a volta dos gêmeos Calliope e Cricket Bell ao bairro. Ao reencontrar Cricket, um jovem inventor por quem já teve sentimentos, Lola passa a enfrentar conflitos emocionais e questionamentos sobre amor, amizade e amadurecimento. O romance aborda descobertas afetivas e os desafios típicos da juventude de maneira leve e envolvente.
650 #0 - ASSUNTO--TERMO TÓPICO
Cabeçalho tópico ou nome geográfico Literatura norte-americana.
650 #0 - ASSUNTO--TERMO TÓPICO
Cabeçalho tópico ou nome geográfico Adolescência.
9 (RLIN) 1093
650 #0 - ASSUNTO--TERMO TÓPICO
Cabeçalho tópico ou nome geográfico Relacionamentos amorosos.
9 (RLIN) 1098
650 #0 - ASSUNTO--TERMO TÓPICO
Cabeçalho tópico ou nome geográfico Amizade.
9 (RLIN) 556
655 #0 - TERMO DE ÍNDICE--GÊNERO E FORMA
Gênero/forma/ou termo foco Romance juvenil.
655 #0 - TERMO DE ÍNDICE--GÊNERO E FORMA
Gênero/forma/ou termo foco Ficção.
942 ## - ELEMENTOS DE ENTRADA ADICIONADOS (KOHA)
Fonte de classificação ou esquema de arquivamento Classificação decimal de Dewey
Ocultar no OPAC Não
Tipo de material Koha Livros
Holdings
Situação do descarte Situação das perdas Fonte de classificação ou esquema de arquivamento Status danificado Não pode ser emprestado Coleção Biblioteca de origem Biblioteca atual Localização na estante Data de aquisição Fonte de aquisição Total de empréstimos Número de chamada completo Código de barras Data de último acesso Data do preço efetivo Tipo de material Koha
    Classificação decimal de Dewey     Ficção Biblioteca Professor Eduardo Afonso de Castro Biblioteca Professor Eduardo Afonso de Castro Infanto Juvenil 20.05.2026 doação   813 / P466l 2026-17446 20.05.2026 20.05.2026 Livros

Powered by Koha